| 000 | 00755nam a2200205 i 4500 | ||
|---|---|---|---|
| 001 | 40597 | ||
| 003 | ES-MaACL | ||
| 005 | 20250820150519.0 | ||
| 007 | t| | ||
| 008 | 030306s1946 sp ||||1| spa d | ||
| 100 | 1 |
_aCarrel, Alexis. _935609 |
|
| 245 | 1 | 3 |
_aLa oración _b: su poder y efectos curativos vistos por un fisiólogo / _cAlexis Carrel ; prólogo del Dr. Enriquez de Salamanca ; [traducción del frances por Presentación Ortiz Cantón]. |
| 260 |
_a[Madrid : _bs.n.], _c1946 ( _fOrellana) |
||
| 300 |
_a114 p. ; _c17 cm. |
||
| 650 | 0 | 4 |
_aOración. _915729 |
| 700 | 1 |
_aOrtiz Cantón, Presentación. _987583 |
|
| 700 | 1 |
_aEnríquez de Salamanca, Fernando, _d1890-1966 _947286 |
|
| 852 |
_aES-MaACL _jB-10506 _bR.22846 |
||
| 999 |
_c40597 _d40597 |
||